Catálogo de trabajos finales de graduación licenciatura y maestría de la Escuela de Ciencias Políticas: 1973-2005

Պահպանված է:
Մատենագիտական մանրամասներ
Համատեղ հեղինակ: Universidad de Costa Rica. Facultad de Ciencias Sociales. Escuela de Ciencias Políticas. Biblioteca Eugenio Fonseca Tortós
Ձևաչափ: Տեքստ
Հրապարակվել է: San José
Խորագրեր:
Ցուցիչներ: Ավելացրեք ցուցիչ
Չկան պիտակներ, Եղեք առաջինը, ով նշում է այս գրառումը!

MARC

LEADER 00000 a a2200000 04500
001 33124
003
040
090 |a 206600  |b REFERENCIA  |b RECURSO ELECTRONICO  
110 |a Universidad de Costa Rica. Facultad de Ciencias Sociales. Escuela de Ciencias Políticas. Biblioteca Eugenio Fonseca Tortós  
245 |a Catálogo de trabajos finales de graduación licenciatura y maestría de la Escuela de Ciencias Políticas: 1973-2005  
260 |a San José  
650 |a MATERIAL DE REFERENCIA  
650 |a TESIS  
650 |a CIENCIA POLITICA  
650 |a COSTA RICA  
650 |a UNIVERSIDAD DE COSTA RICA  
999 |c 12543  |d 12543